00758nam a2200229 a 450000100060000000300080000600500170001400800390003102000230007003500190009304000320011204100080014408200250015210000290017724500610020625000120026726000850027930000310036450000600039565000210045565000520047625543BD-RjUL20211209050908.0140318s1965 enkc 000 0 eng a0080222625 (set) : a(BD-RjUL)25613 aDLCcDLCdDLCdBD-RjULbeng aeng00a951.05bMAS V-2 19651 aMao, Zedong,d1893-1976.10aSelected works of Mao Tse-Tung /c Zedong,MaonVolume II a1st ed. aOxford ;aNew York :bDistributed throughout the world by Pergamon Press,c1965. a468 p. :bports. ;c23 cm. a"Translation of the second Chinese edition"--Verso t.p. aCommunismzChina aChina xHistory yPeriod of Republic, 1912-1949